Capitale dal suo nome locale - Statistics

Statistiche generali
  • Questo quiz è stato fatto 6 volte
  • Il punteggio medio è 17 su 82
Statistiche sulle risposte
Hint Risposta % Corretto
København Copenaghen
80%
Москва Mosca
80%
Ташкент Tashkent
80%
Астана Astana
60%
Αθήνα Atene
60%
Бeoгpaд Belgrado
60%
Бишкек Biškek
60%
Kaapstad Città del Capo
60%
תל אביב Gerusalemme
60%
Helsingfors Helsinki
60%
Київ Kiev
60%
Λευκωσία Nicosia
60%
Parbo Paramaribo
60%
Подгорица Podgorica
60%
Pòtoprens Port-au-Prince
60%
Скопје Skopje
60%
Улаанбаатар Ulan Bator
60%
Jaunde Yaoundé
60%
Kastri Castries
40%
Ndakaaru Dakar
40%
Baile Átha Cliath Dublino
40%
Душанбе Dušanbe
40%
Երևան Erevan
40%
Sen Jòj Saint George's
40%
Сарајево Sarajevo
40%
София Sofia
40%
أبو ظبي Abu Dhabi
20%
አዲስ አበባ Addis Abeba
20%
Kɔnakiri Conakry
20%
Chuqiyapu La Paz
20%
နေပြည်တော် Naypyidaw
20%
北京市 Pechino
20%
평양 Pyongyang
20%
서울 Seul
20%
Chuqichaka Sucre
20%
თბილისი Tbilisi
20%
Te Whanganui-a-Tara Wellington
20%
Nkran Accra
0%
مدينة الجزائر Algeri
0%
مدينة الكويت Al Kuwait
0%
عمان Amman
0%
عشق آباد Aşgabat
0%
أسمرا Asmara
0%
بغداد Baghdad
0%
ߓߊߡߊߞߐ Bamako
0%
بندر سري بگاوان Bandar Seri Begawan
0%
บางกอก Bangkok
0%
ߓߊ߲߬ߖߎߟ Banjul
0%
بيروت Beirut
0%
Kintamo Brazzaville
0%
ঢাকা Dacca
0%
دمشق Damasco
0%
الدوحة Doha
0%
جيبوتي Gibuti
0%
جوبا Giuba
0%
河内 Hanoi
0%
القاهرة Il Cairo
0%
اسلام آباد Islamabad
0%
کابل Kabul
0%
काठमाडौं Katmandu
0%
الخرطوم Khartum
0%
கோலாலம்பூர் Kuala Lumpur
0%
މާލެ Male
0%
منامة Manama
0%
مسقط Mascate
0%
موروني Moroni
0%
نجامينا N'Djamena
0%
نواكشوط Nouakchott
0%
नई दिल्ली Nuova Delhi
0%
ភ្នំពេញ Phnom Penh
0%
الرباط Rabat
0%
الرياض Riad
0%
Wozo Roseau
0%
صنعاء Sana'a
0%
ශ්‍රී ජයවර්ධනපුර කෝට්ටේ Sri Jayawardenapura Kotte
0%
/सुवा Suva
0%
تهران Teheran
0%
ཐིམ་ཕུ་ Thimphu
0%
東京都 Tokyo
0%
طرابلس Tripoli
0%
تونس Tunisi
0%
ວຽງຈັນ Vientiane
0%
Nessun quiz corrispondente trovato
Distribuzione punteggi
Percentuale di utenti per punteggio
Percentile per numero di risposta
I tuoi punteggi nel tempo
Non hai fatto questo quiz